[Event "World Chess Olympiad 2018"]
[Site "Batumi"]
[Date "2018.09.30"]
[Round "6"]
[Board "1"]
[WhiteFideId "13202340"]
[White "Lee Jun Hyeok"]
[BlackFideId "6200176"]
[Black "Teerapabpaisit Wisuwat"]
[Result "1-0"]
[LiveChessVersion "1.4.8"]
[BlackElo "2154"]
[WhiteElo "2263"]

1. e4 {[%clk 1:30:58]} c5 {[%clk 1:30:58]} 2. Nf3 {[%clk 1:31:22]} e6
{[%clk 1:31:25]} 3. d4 {[%clk 1:30:53]} cxd4 {[%clk 1:31:53]} 4. Nxd4
{[%clk 1:31:17]} a6 {[%clk 1:32:22]} 5. c4 {[%clk 1:31:38]} Nf6 {[%clk 1:32:27]}
6. Nc3 {[%clk 1:32:03]} Qc7 {[%clk 1:32:38]} 7. a3 {[%clk 1:32:24]} b6
{[%clk 1:25:41]} 8. Be3 {[%clk 1:32:44]} Bb7 {[%clk 1:25:59]} 9. f3
{[%clk 1:33:04]} Nc6 {[%clk 1:25:39]} 10. Be2 {[%clk 1:20:45]} Nxd4
{[%clk 1:25:38]} 11. Bxd4 {[%clk 1:19:31]} Rb8 {[%clk 1:22:17]} 12. e5
{[%clk 1:17:53]} Nh5 {[%clk 1:18:57]} 13. Qd2 {[%clk 1:17:10]} g6
{[%clk 1:14:56]} 14. O-O-O {[%clk 1:13:48]} Bc6 {[%clk 1:14:20]} 15. Ne4
{[%clk 1:09:15]} Bxe4 {[%clk 1:14:22]} 16. fxe4 {[%clk 1:09:39]} b5
{[%clk 1:13:25]} 17. Rhf1 {[%clk 1:06:09]} Be7 {[%clk 1:11:10]} 18. g4
{[%clk 1:00:03]} Ng7 {[%clk 1:10:13]} 19. Qh6 {[%clk 0:59:33]} Bf8
{[%clk 0:56:49]} 20. Qf4 {[%clk 0:57:36]} d5 {[%clk 0:56:18]} 21. exd5
{[%clk 0:55:14]} exd5 {[%clk 0:56:21]} 22. Qf6 {[%clk 0:53:19]} Ra8
{[%clk 0:48:54]} 23. Bb6 {[%clk 0:52:06]} Qb7 {[%clk 0:48:34]} 24. Rxd5
{[%clk 0:51:59]} Ne6 {[%clk 0:48:29]} 25. Qxh8 {[%clk 0:48:14]} Qxb6
{[%clk 0:48:21]} 26. Rd6 {[%clk 0:44:26]} Qe3+ {[%clk 0:48:21]} 27. Kb1
{[%clk 0:44:44]} Ng5 {[%clk 0:37:12]} 28. Bd3 {[%clk 0:35:30]} Nf3
{[%clk 0:32:45]} 29. e6 {[%clk 0:24:20]} Ke7 {[%clk 0:28:58]} 30. Rxf3
{[%clk 0:23:45]} Qxf3 {[%clk 0:27:17]} 31. Qe5 {[%clk 0:23:41]} Qxg4
{[%clk 0:05:55]} 32. exf7+ {[%clk 0:22:00]} Kxf7 {[%clk 0:06:22]} 33. Rf6+
{[%clk 0:22:21]} Kg8 {[%clk 0:06:36]} 34. Qd5+ {[%clk 0:22:49]} Kg7
{[%clk 0:06:01]} 35. Rf7+ {[%clk 0:23:10]} Kh6 {[%clk 0:05:59]} 36. Qxa8
{[%clk 0:23:32]} Bxa3 {[%clk 0:03:54]} 37. Qe4 {[%clk 0:19:18]} 1-0

[Event "World Chess Olympiad 2018"]
[Site "Batumi"]
[Date "2018.09.30"]
[Round "6"]
[Board "2"]
[WhiteFideId "6201610"]
[White "Kulpruethanon Thanadon"]
[BlackFideId "13203088"]
[Black "Kwon Sehyun"]
[Result "1-0"]
[LiveChessVersion "1.4.8"]
[BlackElo "2129"]
[WhiteElo "2291"]

1. Nf3 {[%clk 1:30:58]} c5 {[%clk 1:30:04]} 2. g3 {[%clk 1:31:22]} g6
{[%clk 1:30:14]} 3. Bg2 {[%clk 1:31:41]} Bg7 {[%clk 1:30:32]} 4. c4
{[%clk 1:32:01]} Nc6 {[%clk 1:30:42]} 5. Nc3 {[%clk 1:32:24]} e6 {[%clk 1:30:56]}
6. d3 {[%clk 1:32:30]} Nge7 {[%clk 1:31:09]} 7. Bg5 {[%clk 1:32:37]} h6
{[%clk 1:30:05]} 8. Bd2 {[%clk 1:32:55]} d5 {[%clk 1:29:37]} 9. Rb1
{[%clk 1:32:15]} b6 {[%clk 1:28:38]} 10. a3 {[%clk 1:32:03]} Bb7 {[%clk 1:27:30]}
11. O-O {[%clk 1:29:23]} Rc8 {[%clk 1:25:56]} 12. b4 {[%clk 1:28:42]} dxc4
{[%clk 1:24:02]} 13. dxc4 {[%clk 1:19:26]} O-O {[%clk 1:22:28]} 14. bxc5
{[%clk 1:13:07]} Na5 {[%clk 1:21:08]} 15. Qc1 {[%clk 0:45:46]} Rxc5
{[%clk 1:01:55]} 16. Bxh6 {[%clk 0:45:18]} Bxh6 {[%clk 1:00:05]} 17. Qxh6
{[%clk 0:45:45]} Nf5 {[%clk 1:00:00]} 18. Qh3 {[%clk 0:45:10]} Rxc4
{[%clk 0:59:04]} 19. Nb5 {[%clk 0:36:20]} Kg7 {[%clk 0:33:30]} 20. Rfd1
{[%clk 0:36:13]} Qe7 {[%clk 0:27:11]} 21. Ne5 {[%clk 0:22:58]} Rh8
{[%clk 0:16:31]} 22. Rd7 {[%clk 0:23:12]} Qc5 {[%clk 0:16:03]} 23. Rxf7+
{[%clk 0:13:20]} Kg8 {[%clk 0:16:26]} 24. Rf8+ {[%clk 0:10:52]} Qxf8
{[%clk 0:16:00]} 25. Qxh8+ {[%clk 0:11:08]} Kxh8 {[%clk 0:16:26]} 26. Nxg6+
{[%clk 0:11:33]} Kg8 {[%clk 0:13:19]} 27. Nxf8 {[%clk 0:11:57]} Bxg2
{[%clk 0:11:55]} 28. Kxg2 {[%clk 0:12:04]} Kxf8 {[%clk 0:11:58]} 29. Nxa7
{[%clk 0:12:22]} Rc7 {[%clk 0:11:42]} 30. Nb5 {[%clk 0:12:17]} Rc5
{[%clk 0:05:05]} 31. g4 {[%clk 0:11:57]} Ng7 {[%clk 0:04:41]} 32. h4
{[%clk 0:11:43]} Nc4 {[%clk 0:03:55]} 33. h5 {[%clk 0:11:21]} e5 {[%clk 0:03:39]}
34. a4 {[%clk 0:09:08]} Ne6 {[%clk 0:03:26]} 35. e3 {[%clk 0:08:59]} e4
{[%clk 0:03:11]} 36. Rd1 {[%clk 0:08:44]} Rg5 {[%clk 0:02:18]} 37. Kh3
{[%clk 0:07:57]} Ne5 {[%clk 0:02:33]} 38. Rd5 {[%clk 0:07:34]} Kf7
{[%clk 0:01:32]} 39. Nd6+ {[%clk 0:07:25]} Kg7 {[%clk 0:01:09]} 40. Nxe4
{[%clk 0:37:05]} Nc7 {[%clk 0:30:32]} 41. Rd6 {[%clk 0:30:08]} Rxg4
{[%clk 0:27:05]} 42. f4 {[%clk 0:30:22]} 1-0

[Event "World Chess Olympiad 2018"]
[Site "Batumi"]
[Date "2018.09.30"]
[Round "6"]
[Board "3"]
[WhiteFideId "410969"]
[White "Walker Martin G"]
[BlackFideId "6200184"]
[Black "Saeheng Boonsueb"]
[Result "1/2-1/2"]
[LiveChessVersion "1.4.8"]
[BlackElo "2163"]
[WhiteElo "2078"]

1. e4 {[%clk 1:30:57]} c5 {[%clk 1:30:59]} 2. Nf3 {[%clk 1:31:20]} d6
{[%clk 1:31:19]} 3. Bb5+ {[%clk 1:31:44]} Nd7 {[%clk 1:31:27]} 4. d4
{[%clk 1:32:00]} cxd4 {[%clk 1:31:31]} 5. Qxd4 {[%clk 1:32:25]} e5
{[%clk 1:31:30]} 6. Qb4 {[%clk 1:29:00]} h6 {[%clk 1:30:28]} 7. O-O
{[%clk 1:27:48]} Ngf6 {[%clk 1:30:03]} 8. Nc3 {[%clk 1:27:24]} Qc7
{[%clk 1:28:07]} 9. Nd5 {[%clk 1:20:47]} Nxd5 {[%clk 1:28:10]} 10. exd5
{[%clk 1:21:11]} a6 {[%clk 1:27:01]} 11. Bxd7+ {[%clk 1:21:28]} Bxd7
{[%clk 1:27:07]} 12. Be3 {[%clk 1:19:54]} Rc8 {[%clk 1:25:09]} 13. c4
{[%clk 1:14:44]} Be7 {[%clk 1:21:46]} 14. Rfc1 {[%clk 1:12:51]} a5
{[%clk 1:17:42]} 15. Qb3 {[%clk 1:09:55]} O-O {[%clk 1:12:24]} 16. Bb6
{[%clk 1:08:26]} Qb8 {[%clk 1:12:37]} 17. Bxa5 {[%clk 0:49:06]} b5
{[%clk 1:04:22]} 18. cxb5 {[%clk 0:48:25]} Qxb5 {[%clk 1:04:16]} 19. Qxb5
{[%clk 0:37:40]} Bxb5 {[%clk 1:04:37]} 20. Bb4 {[%clk 0:38:06]} Bc4
{[%clk 1:01:24]} 21. Nxe5 {[%clk 0:32:34]} Bxd5 {[%clk 1:01:41]} 22. Nd3
{[%clk 0:32:58]} Bc4 {[%clk 0:58:29]} 23. Ne5 {[%clk 0:24:33]} dxe5
{[%clk 0:50:38]} 24. Bxe7 {[%clk 0:24:58]} Rfe8 {[%clk 0:50:45]} 25. Bd6
{[%clk 0:25:22]} Bxa2 {[%clk 0:51:00]} 26. Rxc8 {[%clk 0:25:49]} Rxc8
{[%clk 0:51:18]} 27. Bxe5 {[%clk 0:26:14]} Bb3 {[%clk 0:49:56]} 28. h3
{[%clk 0:22:16]} Rc5 {[%clk 0:47:23]} 29. Ra8+ {[%clk 0:17:58]} Kh7
{[%clk 0:47:43]} 30. Rb8 {[%clk 0:18:22]} Rxe5 {[%clk 0:46:41]} 31. Rxb3
{[%clk 0:18:47]} Re1+ {[%clk 0:46:50]} 32. Kh2 {[%clk 0:19:13]} g5
{[%clk 0:45:33]} 33. Kg3 {[%clk 0:18:49]} Re2 {[%clk 0:45:25]} 34. Kf3
{[%clk 0:18:24]} Rc2 {[%clk 0:45:43]} 35. Rb6 {[%clk 0:17:08]} Kg7
{[%clk 0:45:52]} 36. g4 {[%clk 0:13:39]} Kh7 {[%clk 0:44:57]} 37. Ke3
{[%clk 0:10:47]} Kg7 {[%clk 0:44:37]} 38. Kf3 {[%clk 0:09:36]} Rd2
{[%clk 0:44:29]} 39. Kg3 {[%clk 0:09:14]} Rc2 {[%clk 0:44:25]} 40. b4
{[%clk 0:36:59]} Rb2 {[%clk 1:14:29]} 41. b5 {[%clk 0:37:05]} Rb3+
{[%clk 1:13:40]} 42. Kg2 {[%clk 0:37:30]} Rb4 {[%clk 1:13:12]} 43. Rb8
{[%clk 0:29:50]} Kf6 {[%clk 1:12:21]} 44. b6 {[%clk 0:29:32]} Ke5
{[%clk 1:12:23]} 45. Kf3 {[%clk 0:27:53]} Rb3+ {[%clk 1:12:39]} 46. Ke2
{[%clk 0:27:44]} Kf4 {[%clk 1:12:22]} 47. Rf8 {[%clk 0:27:21]} Rxb6
{[%clk 1:12:29]} 48. Rxf7+ {[%clk 0:27:47]} Ke4 {[%clk 1:12:46]} 49. Rh7
{[%clk 0:22:36]} Rb2+ {[%clk 1:11:10]} 50. Kf1 {[%clk 0:23:02]} Rb6
{[%clk 1:11:14]} 51. Kg2 {[%clk 0:23:23]} Ke5 {[%clk 1:11:17]} 52. Rf7
{[%clk 0:22:05]} Ke6 {[%clk 1:09:24]} 53. Rh7 {[%clk 0:21:00]} Ke5
{[%clk 1:09:41]} 54. Kg3 {[%clk 0:20:41]} Ra6 {[%clk 1:08:33]} 55. h4
{[%clk 0:15:33]} Rg6 {[%clk 1:04:50]} 56. f3 {[%clk 0:14:40]} Ke6
{[%clk 1:04:58]} 57. Ra7 {[%clk 0:11:03]} Ke5 {[%clk 1:02:32]} 58. Ra5+
{[%clk 0:10:14]} Kf6 {[%clk 1:01:50]} 59. Ra6+ {[%clk 0:05:26]} Kg7
{[%clk 1:02:07]} 60. Rxg6+ {[%clk 0:05:45]} Kxg6 {[%clk 1:02:29]} 61. Kf2
{[%clk 0:05:23]} Kf6 {[%clk 0:59:48]} 62. Ke3 {[%clk 0:04:12]} Ke5
{[%clk 0:59:18]} 63. f4+ {[%clk 0:04:30]} gxf4+ {[%clk 0:59:29]} 64. Kf3
{[%clk 0:04:56]} Ke6 {[%clk 0:58:42]} 65. Ke4 {[%clk 0:05:18]} Kf7
{[%clk 0:58:46]} 66. Kxf4 {[%clk 0:05:17]} Kf6 {[%clk 0:59:07]} 67. Ke4
{[%clk 0:05:41]} Ke6 {[%clk 0:59:27]} 68. Kd4 {[%clk 0:05:37]} Kd6
{[%clk 0:59:40]} 69. Ke3 {[%clk 0:05:17]} Ke7 {[%clk 0:59:36]} 70. Kf3
{[%clk 0:04:59]} Kf7 {[%clk 0:59:47]} 71. Kg3 {[%clk 0:04:16]} Kg7
{[%clk 1:00:00]} 72. Kf4 {[%clk 0:04:09]} Kf6 1/2-1/2

[Event "World Chess Olympiad 2018"]
[Site "Batumi"]
[Date "2018.09.30"]
[Round "6"]
[Board "4"]
[WhiteFideId "6204422"]
[White "Prasitsoonthorn Teerachoti"]
[BlackFideId "13200518"]
[Black "Kim Saebyeok"]
[Result "1-0"]
[LiveChessVersion "1.4.8"]
[BlackElo "1999"]
[WhiteElo "1830"]

1. e4 {[%clk 1:30:59]} c5 {[%clk 1:30:47]} 2. Nf3 {[%clk 1:31:23]} a6
{[%clk 1:29:48]} 3. c4 {[%clk 1:30:17]} Nc6 {[%clk 1:29:40]} 4. d4
{[%clk 1:30:23]} cxd4 {[%clk 1:29:06]} 5. Nxd4 {[%clk 1:30:46]} e5
{[%clk 1:28:22]} 6. Nc2 {[%clk 1:29:07]} Nf6 {[%clk 1:26:47]} 7. Nc3
{[%clk 1:25:25]} Bc5 {[%clk 1:24:58]} 8. Be2 {[%clk 1:21:43]} d6 {[%clk 1:22:22]}
9. O-O {[%clk 1:16:54]} Be6 {[%clk 1:21:02]} 10. b4 {[%clk 0:51:41]} Bd4
{[%clk 1:10:35]} 11. Nxd4 {[%clk 0:51:55]} exd4 {[%clk 1:07:56]} 12. Nd5
{[%clk 0:52:23]} Nxe4 {[%clk 0:56:47]} 13. Qc2 {[%clk 0:47:20]} Nf6
{[%clk 0:53:05]} 14. Bg5 {[%clk 0:47:49]} h6 {[%clk 0:20:50]} 15. Bxf6
{[%clk 0:48:10]} gxf6 {[%clk 0:21:10]} 16. Rfe1 {[%clk 0:42:28]} Kf8
{[%clk 0:21:00]} 17. Rad1 {[%clk 0:42:44]} Rc8 {[%clk 0:17:20]} 18. Nf4
{[%clk 0:37:40]} Bd7 {[%clk 0:15:45]} 19. a3 {[%clk 0:35:11]} b5 {[%clk 0:11:20]}
20. Qb3 {[%clk 0:30:07]} Rg8 {[%clk 0:07:52]} 21. cxb5 {[%clk 0:25:41]} axb5
{[%clk 0:07:32]} 22. Bh5 {[%clk 0:22:02]} Rg7 {[%clk 0:06:38]} 23. Qd5
{[%clk 0:20:06]} Qc7 {[%clk 0:05:12]} 24. Rc1 {[%clk 0:19:02]} Qb8
{[%clk 0:01:31]} 25. h4 {[%clk 0:11:37]} Re8 {[%clk 0:00:55]} 26. Rxe8+
{[%clk 0:11:32]} Qxe8 {[%clk 0:00:35]} 27. Qxd6+ {[%clk 0:11:56]} Kg8
{[%clk 0:00:33]} 28. Qxf6 {[%clk 0:12:10]} Ne5 {[%clk 0:00:33]} 29. Nd5
{[%clk 0:11:03]} d3 {[%clk 0:00:31]} 30. Ne7+ {[%clk 0:11:06]} Kf8
{[%clk 0:00:38]} 31. Nf5 {[%clk 0:09:44]} Bxf5 {[%clk 0:00:34]} 32. Qxf5
{[%clk 0:10:12]} Nc6 {[%clk 0:00:32]} 33. Qxb5 {[%clk 0:09:09]} Nd4
{[%clk 0:00:33]} 34. Qc5+ {[%clk 0:09:22]} 1-0

[Event "World Chess Olympiad 2018"]
[Site "Batumi"]
[Date "2018.09.30"]
[Round "6"]
[Board "1"]
[WhiteFideId "2800020"]
[White "Gruenfeld Yehuda"]
[BlackFideId "11101644"]
[Black "Husbands Orlando"]
[Result "1-0"]
[LiveChessVersion "1.4.8"]
[BlackElo "2262"]
[WhiteElo "2418"]

1. e4 {[%clk 1:30:53]} c5 {[%clk 1:30:59]} 2. Nf3 {[%clk 1:31:14]} d6
{[%clk 1:31:27]} 3. Bb5+ {[%clk 1:31:27]} Bd7 {[%clk 1:31:54]} 4. Bxd7+
{[%clk 1:29:36]} Qxd7 {[%clk 1:32:22]} 5. c4 {[%clk 1:29:35]} Nc6
{[%clk 1:32:12]} 6. O-O {[%clk 1:29:46]} g6 {[%clk 1:31:27]} 7. d4
{[%clk 1:29:54]} cxd4 {[%clk 1:31:54]} 8. Nxd4 {[%clk 1:30:19]} Bg7
{[%clk 1:32:15]} 9. Be3 {[%clk 1:30:23]} Nf6 {[%clk 1:32:42]} 10. f3
{[%clk 1:30:43]} Rc8 {[%clk 1:32:53]} 11. Nc3 {[%clk 1:27:58]} Nxd4
{[%clk 1:05:40]} 12. Qxd4 {[%clk 1:27:50]} O-O {[%clk 1:06:00]} 13. Qd3
{[%clk 1:28:09]} Qc6 {[%clk 1:06:04]} 14. b3 {[%clk 1:28:13]} Nd7
{[%clk 0:57:43]} 15. Rac1 {[%clk 1:27:15]} a6 {[%clk 0:26:09]} 16. a4
{[%clk 1:23:36]} Rfe8 {[%clk 0:24:08]} 17. Ne2 {[%clk 1:15:00]} Nc5
{[%clk 0:23:28]} 18. Qb1 {[%clk 1:15:19]} Qd7 {[%clk 0:22:03]} 19. a5
{[%clk 1:10:04]} Qc7 {[%clk 0:17:10]} 20. Kh1 {[%clk 1:06:08]} Nd7
{[%clk 0:17:11]} 21. Qa2 {[%clk 1:05:25]} Ne5 {[%clk 0:16:18]} 22. Rfd1
{[%clk 1:05:14]} e6 {[%clk 0:12:45]} 23. Qd2 {[%clk 1:00:24]} Bf8
{[%clk 0:11:16]} 24. Bb6 {[%clk 1:00:08]} Qe7 {[%clk 0:11:35]} 25. Nc3
{[%clk 1:00:08]} Qh4 {[%clk 0:10:52]} 26. Be3 {[%clk 0:58:29]} Qd8
{[%clk 0:10:56]} 27. Na4 {[%clk 0:58:46]} Rc6 {[%clk 0:08:46]} 28. Qe1
{[%clk 0:54:47]} Be7 {[%clk 0:08:53]} 29. f4 {[%clk 0:54:01]} Ng4
{[%clk 0:08:11]} 30. Bg1 {[%clk 0:53:06]} Qb8 {[%clk 0:08:09]} 31. Qe2
{[%clk 0:52:55]} Nf6 {[%clk 0:08:17]} 32. Nb6 {[%clk 0:51:38]} Bd8
{[%clk 0:08:05]} 33. e5 {[%clk 0:46:14]} Bxb6 {[%clk 0:04:37]} 34. axb6
{[%clk 0:46:12]} Nh5 {[%clk 0:03:40]} 35. Qe4 {[%clk 0:42:43]} d5
{[%clk 0:03:21]} 36. Qf3 {[%clk 0:40:19]} dxc4 {[%clk 0:02:08]} 37. bxc4
{[%clk 0:40:28]} Ng7 {[%clk 0:02:29]} 38. c5 {[%clk 0:39:31]} h5 {[%clk 0:02:55]}
39. Rd7 {[%clk 0:39:24]} Nf5 {[%clk 0:02:05]} 40. Rcd1 {[%clk 1:09:45]} Ne7
{[%clk 0:30:37]} 41. h3 {[%clk 1:03:46]} Qc8 {[%clk 0:25:02]} 42. Bf2
{[%clk 1:00:15]} Nd5 {[%clk 0:20:17]} 43. R1xd5 {[%clk 0:59:31]} exd5
{[%clk 0:20:46]} 44. Qxd5 {[%clk 0:59:49]} Rf8 {[%clk 0:20:40]} 45. e6
{[%clk 0:50:41]} Rxe6 {[%clk 0:17:48]} 46. Qxb7 {[%clk 0:48:18]} Qe8
{[%clk 0:05:40]} 47. Rd1 {[%clk 0:48:36]} Qa4 {[%clk 0:04:08]} 48. Qf3
{[%clk 0:48:39]} Re4 {[%clk 0:03:58]} 49. Bg1 {[%clk 0:42:58]} Rfe8
{[%clk 0:02:01]} 50. b7 {[%clk 0:38:57]} Qb5 {[%clk 0:01:20]} 51. Qxe4
{[%clk 0:38:49]} Rxe4 {[%clk 0:01:49]} 52. Rd8+ {[%clk 0:38:12]} Re8
{[%clk 0:02:18]} 53. c6 {[%clk 0:34:38]} Kf8 {[%clk 0:01:03]} 54. Bc5+
{[%clk 0:33:58]} Qxc5 {[%clk 0:00:51]} 55. Rxe8+ {[%clk 0:34:14]} Kxe8
{[%clk 0:01:21]} 56. b8=Q+ {[%clk 0:34:30]} Ke7 {[%clk 0:01:19]} 57. Qc7+
{[%clk 0:34:46]} Kf6 {[%clk 0:00:35]} 58. Kh2 {[%clk 0:34:28]} h4 59. Qd8+
{[%clk 0:34:27]} Kg7 {[%clk 0:00:32]} 60. c7 {[%clk 0:34:50]} Qf2
{[%clk 0:00:37]} 61. Qg5 {[%clk 0:33:15]} Qc2 {[%clk 0:00:31]} 62. Qa5
{[%clk 0:31:19]} Qc4 {[%clk 0:00:32]} 63. Qe5+ {[%clk 0:31:29]} Kh7
{[%clk 0:00:59]} 64. f5 {[%clk 0:29:02]} g5 {[%clk 0:01:06]} 65. Kg1
{[%clk 0:29:04]} Qc2 {[%clk 0:00:56]} 66. Kf1 {[%clk 0:29:08]} Qc1+
{[%clk 0:00:35]} 67. Ke2 {[%clk 0:28:41]} Qc2+ {[%clk 0:00:37]} 68. Ke3
{[%clk 0:28:43]} Qc1+ {[%clk 0:00:34]} 69. Kd4 {[%clk 0:28:35]} Qd2+
{[%clk 0:00:31]} 70. Kc5 {[%clk 0:28:45]} a5 {[%clk 0:00:37]} 71. Qd5
{[%clk 0:28:24]} Qb4+ {[%clk 0:00:39]} 72. Kc6 {[%clk 0:28:47]} Qa4+
{[%clk 0:00:37]} 73. Kd6 {[%clk 0:28:23]} Qe8 {[%clk 0:00:33]} 74. Qb7
{[%clk 0:27:26]} Qf8+ {[%clk 0:00:31]} 75. Kd7 {[%clk 0:27:08]} Qc5
{[%clk 0:00:34]} 76. c8=Q {[%clk 0:27:26]} Qxf5+ {[%clk 0:00:43]} 77. Ke7
{[%clk 0:27:37]} Qe5+ {[%clk 0:00:31]} 78. Kxf7 {[%clk 0:27:35]} 1-0

[Event "World Chess Olympiad 2018"]
[Site "Batumi"]
[Date "2018.09.30"]
[Round "6"]
[Board "2"]
[WhiteFideId "11100400"]
[White "Del Castilho Martyn"]
[BlackFideId "24149942"]
[Black "Varezhkin Viktor"]
[Result "1-0"]
[LiveChessVersion "1.4.8"]
[BlackElo "2261"]
[WhiteElo "2250"]

1. e4 {[%clk 1:30:57]} c5 {[%clk 1:30:50]} 2. Nf3 {[%clk 1:31:20]} d6
{[%clk 1:31:08]} 3. d4 {[%clk 1:31:38]} cxd4 {[%clk 1:31:24]} 4. Nxd4
{[%clk 1:32:04]} Nf6 {[%clk 1:31:44]} 5. Nc3 {[%clk 1:32:30]} a6 {[%clk 1:31:55]}
6. Be3 {[%clk 1:31:55]} e5 {[%clk 1:32:11]} 7. Nf3 {[%clk 1:31:32]} h6
{[%clk 1:32:14]} 8. Bc4 {[%clk 1:31:24]} Qc7 {[%clk 1:26:47]} 9. Bb3
{[%clk 1:31:31]} Be7 {[%clk 1:22:11]} 10. O-O {[%clk 1:30:42]} O-O
{[%clk 1:22:29]} 11. Nh4 {[%clk 1:28:13]} Nc6 {[%clk 1:18:22]} 12. Nf5
{[%clk 1:23:05]} Bxf5 {[%clk 1:15:37]} 13. exf5 {[%clk 1:23:31]} Rac8
{[%clk 1:13:22]} 14. Rc1 {[%clk 1:16:48]} Na5 {[%clk 1:07:00]} 15. Nd5
{[%clk 1:16:34]} Nxd5 {[%clk 1:07:01]} 16. Bxd5 {[%clk 1:16:33]} Nc4
{[%clk 1:05:40]} 17. b3 {[%clk 1:10:16]} Nxe3 {[%clk 1:03:28]} 18. fxe3
{[%clk 1:10:45]} Bg5 {[%clk 1:03:06]} 19. Rf3 {[%clk 1:03:54]} Qc5
{[%clk 0:59:10]} 20. Qd3 {[%clk 0:54:58]} Qc3 {[%clk 0:54:26]} 21. Qxc3
{[%clk 0:44:51]} Rxc3 {[%clk 0:54:38]} 22. Bxb7 {[%clk 0:40:22]} a5
{[%clk 0:48:16]} 23. Kf2 {[%clk 0:39:15]} Rb8 {[%clk 0:47:28]} 24. Bd5
{[%clk 0:32:45]} Rb5 {[%clk 0:39:44]} 25. Bc4 {[%clk 0:30:30]} Rc5
{[%clk 0:39:49]} 26. Ke2 {[%clk 0:13:24]} d5 {[%clk 0:38:36]} 27. h4
{[%clk 0:13:07]} Bf6 {[%clk 0:35:29]} 28. Ba6 {[%clk 0:11:39]} Rxc2+
{[%clk 0:31:32]} 29. Rxc2 {[%clk 0:12:08]} Rxc2+ {[%clk 0:31:51]} 30. Kf1
{[%clk 0:12:20]} Bxh4 {[%clk 0:31:03]} 31. g3 {[%clk 0:07:29]} Bg5
{[%clk 0:29:27]} 32. Bb7 {[%clk 0:05:37]} e4 {[%clk 0:22:43]} 33. Rf2
{[%clk 0:05:58]} Rc1+ {[%clk 0:22:52]} 34. Kg2 {[%clk 0:05:04]} Bxe3
{[%clk 0:18:13]} 35. Re2 {[%clk 0:05:31]} d4 {[%clk 0:18:19]} 36. Bxe4
{[%clk 0:05:48]} Kf8 {[%clk 0:18:09]} 37. Rc2 {[%clk 0:05:46]} Rg1+
{[%clk 0:17:56]} 38. Kf3 {[%clk 0:06:05]} h5 {[%clk 0:17:10]} 39. Bd3
{[%clk 0:05:23]} Re1 {[%clk 0:13:43]} 40. Rc7 {[%clk 0:34:26]} Bh6
{[%clk 0:38:48]} 41. Bc4 {[%clk 0:34:24]} d3 {[%clk 0:38:59]} 42. Rd7
{[%clk 0:27:59]} d2 {[%clk 0:38:47]} 43. Be2 {[%clk 0:28:23]} Ra1
{[%clk 0:37:26]} 44. a4 {[%clk 0:27:08]} Rb1 {[%clk 0:36:46]} 45. Kf2
{[%clk 0:26:35]} Ke8 {[%clk 0:34:35]} 46. Bb5 {[%clk 0:26:37]} Kf8
{[%clk 0:32:11]} 47. Be2 {[%clk 0:26:59]} g6 {[%clk 0:32:21]} 48. f6
{[%clk 0:23:12]} Kg8 {[%clk 0:27:59]} 49. Rd8+ {[%clk 0:23:20]} Kh7
{[%clk 0:28:12]} 50. Rd7 {[%clk 0:23:35]} Bg5 {[%clk 0:28:24]} 51. Rxf7+
{[%clk 0:23:34]} Kh6 {[%clk 0:25:12]} 52. Rf8 {[%clk 0:22:39]} Bxf6
{[%clk 0:24:51]} 53. Rxf6 {[%clk 0:23:03]} d1=Q {[%clk 0:25:12]} 54. Bxd1
{[%clk 0:23:27]} Rxd1 {[%clk 0:24:51]} 55. Ra6 {[%clk 0:22:16]} Kg5
{[%clk 0:23:16]} 56. Rxa5+ {[%clk 0:22:00]} Kg4 {[%clk 0:23:36]} 57. Re5
{[%clk 0:20:42]} Rd2+ {[%clk 0:23:38]} 58. Re2 {[%clk 0:20:47]} Rd4
{[%clk 0:22:18]} 59. Rc2 {[%clk 0:19:34]} Kh3 {[%clk 0:22:10]} 60. a5
{[%clk 0:18:47]} Rd3 {[%clk 0:20:37]} 61. Rb2 {[%clk 0:18:34]} Rxg3
{[%clk 0:20:54]} 62. Kf1 {[%clk 0:18:46]} Rc3 {[%clk 0:19:39]} 63. Rb1
{[%clk 0:17:48]} Rf3+ {[%clk 0:18:25]} 64. Kg1 {[%clk 0:17:29]} Kg4
{[%clk 0:10:22]} 65. a6 {[%clk 0:17:08]} Rg3+ {[%clk 0:09:32]} 66. Kf2
{[%clk 0:16:57]} Rh3 {[%clk 0:09:44]} 67. Rg1+ {[%clk 0:15:43]} Kf4
{[%clk 0:09:52]} 68. a7 {[%clk 0:15:30]} Rf3+ {[%clk 0:07:42]} 69. Kg2
{[%clk 0:15:52]} 1-0

[Event "World Chess Olympiad 2018"]
[Site "Batumi"]
[Date "2018.09.30"]
[Round "6"]
[Board "3"]
[WhiteFideId "410551"]
[White "Martin Lewis"]
[BlackFideId "11100516"]
[Black "Blackman Justin"]
[Result "1-0"]
[LiveChessVersion "1.4.8"]
[BlackElo "2158"]
[WhiteElo "2128"]

1. e4 {[%clk 1:30:57]} c5 {[%clk 1:30:56]} 2. Nf3 {[%clk 1:31:21]} d6
{[%clk 1:31:16]} 3. d4 {[%clk 1:31:45]} cxd4 {[%clk 1:31:39]} 4. Nxd4
{[%clk 1:32:10]} Nf6 {[%clk 1:32:04]} 5. Nc3 {[%clk 1:32:34]} a6 {[%clk 1:32:32]}
6. Bg5 {[%clk 1:32:58]} e6 {[%clk 1:32:53]} 7. f4 {[%clk 1:33:22]} h6
{[%clk 1:33:18]} 8. Bh4 {[%clk 1:33:36]} Qb6 {[%clk 1:33:38]} 9. a3
{[%clk 1:27:05]} Nbd7 {[%clk 1:34:03]} 10. Bf2 {[%clk 1:24:44]} Qc7
{[%clk 1:34:28]} 11. Qf3 {[%clk 1:24:03]} Be7 {[%clk 1:34:52]} 12. O-O-O
{[%clk 1:23:52]} b5 {[%clk 1:33:36]} 13. Bd3 {[%clk 1:18:51]} Bb7
{[%clk 1:21:14]} 14. Rhe1 {[%clk 1:15:35]} g6 {[%clk 1:05:45]} 15. Qh3
{[%clk 1:09:21]} e5 {[%clk 0:59:08]} 16. Nf3 {[%clk 0:46:26]} Rc8
{[%clk 0:53:28]} 17. Rd2 {[%clk 0:36:00]} Kf8 {[%clk 0:37:26]} 18. f5
{[%clk 0:28:19]} Qa5 {[%clk 0:21:18]} 19. fxg6 {[%clk 0:26:53]} Rxc3
{[%clk 0:19:24]} 20. bxc3 {[%clk 0:26:05]} Qxc3 {[%clk 0:18:40]} 21. Kd1
{[%clk 0:24:55]} fxg6 {[%clk 0:15:08]} 22. Nh4 {[%clk 0:22:57]} Kf7
{[%clk 0:13:24]} 23. Qf3 {[%clk 0:18:19]} Nf8 {[%clk 0:11:53]} 24. Ke2
{[%clk 0:16:27]} Ne6 {[%clk 0:10:36]} 25. Rf1 {[%clk 0:11:40]} g5
{[%clk 0:08:22]} 26. Nf5 {[%clk 0:10:38]} Nf4+ {[%clk 0:07:20]} 27. Ke1
{[%clk 0:10:02]} g4 {[%clk 0:05:53]} 28. Qg3 {[%clk 0:09:57]} h5 {[%clk 0:02:41]}
29. Be3 {[%clk 0:08:40]} h4 {[%clk 0:02:34]} 30. Qf2 {[%clk 0:06:15]} g3
{[%clk 0:01:55]} 31. Qf3 {[%clk 0:05:58]} h3 {[%clk 0:01:20]} 32. Bxf4
{[%clk 0:04:33]} hxg2 {[%clk 0:01:08]} 33. Qxg2 {[%clk 0:04:16]} exf4
{[%clk 0:00:37]} 34. hxg3 {[%clk 0:04:21]} fxg3 {[%clk 0:00:38]} 35. Qxg3
{[%clk 0:04:09]} Bxe4 {[%clk 0:00:35]} 36. Qg7+ {[%clk 0:04:20]} 1-0